<?xml version="1.0" encoding="UTF-8"?>
<record
    xmlns:xsi="http://www.w3.org/2001/XMLSchema-instance"
    xsi:schemaLocation="http://www.loc.gov/MARC21/slim http://www.loc.gov/standards/marcxml/schema/MARC21slim.xsd"
    xmlns="http://www.loc.gov/MARC21/slim">

  <leader>01935nam a22002297a 4500</leader>
  <datafield tag="952" ind1=" " ind2=" ">
    <subfield code="0">0</subfield>
    <subfield code="1">0</subfield>
    <subfield code="2">lcc</subfield>
    <subfield code="4">0</subfield>
    <subfield code="7">0</subfield>
    <subfield code="a">20</subfield>
    <subfield code="b">20</subfield>
    <subfield code="d">2019-03-12</subfield>
    <subfield code="l">1</subfield>
    <subfield code="o">NA702.5 I53</subfield>
    <subfield code="p">20 004143</subfield>
    <subfield code="r">2019-10-02</subfield>
    <subfield code="s">2019-10-02</subfield>
    <subfield code="t">1</subfield>
    <subfield code="w">2019-03-12</subfield>
    <subfield code="y">LB</subfield>
  </datafield>
  <datafield tag="952" ind1=" " ind2=" ">
    <subfield code="0">0</subfield>
    <subfield code="1">0</subfield>
    <subfield code="2">lcc</subfield>
    <subfield code="4">0</subfield>
    <subfield code="7">0</subfield>
    <subfield code="a">07</subfield>
    <subfield code="b">07</subfield>
    <subfield code="d">2019-09-13</subfield>
    <subfield code="l">0</subfield>
    <subfield code="o">NA702.5 I53</subfield>
    <subfield code="p">07 006880</subfield>
    <subfield code="r">2019-09-13</subfield>
    <subfield code="t">1</subfield>
    <subfield code="w">2019-09-13</subfield>
    <subfield code="y">LB</subfield>
  </datafield>
  <datafield tag="999" ind1=" " ind2=" ">
    <subfield code="c">103932</subfield>
    <subfield code="d">103932</subfield>
  </datafield>
  <controlfield tag="008">190312b           ||||| |||| 00| 0 spa d</controlfield>
  <datafield tag="020" ind1=" " ind2=" ">
    <subfield code="a">9786074019681</subfield>
  </datafield>
  <datafield tag="050" ind1=" " ind2=" ">
    <subfield code="a">NA702.5</subfield>
    <subfield code="b">I53</subfield>
  </datafield>
  <datafield tag="245" ind1=" " ind2=" ">
    <subfield code="a">Imaginarios de modernidad y tradici&#xF3;n</subfield>
    <subfield code="b"> : Arquitectura del siglo XX en Am&#xE9;rica Latina</subfield>
    <subfield code="c"> / Catherine R. Ettinger</subfield>
  </datafield>
  <datafield tag="260" ind1=" " ind2=" ">
    <subfield code="a">M&#xE9;xico</subfield>
    <subfield code="b"> : Miguel &#xC1;ngel Porr&#xFA;a</subfield>
    <subfield code="c"> , 2015</subfield>
  </datafield>
  <datafield tag="300" ind1=" " ind2=" ">
    <subfield code="a">264 p&#xE1;ginas</subfield>
  </datafield>
  <datafield tag="490" ind1=" " ind2=" ">
    <subfield code="a">Estudios Urbanos</subfield>
  </datafield>
  <datafield tag="500" ind1=" " ind2=" ">
    <subfield code="a">Incluye:
Introducci&#xF3;n
&#xCD;ndice de contenido</subfield>
  </datafield>
  <datafield tag="505" ind1=" " ind2=" ">
    <subfield code="a">Pasado y futuro de la arquitectura mexicana de mediados del siglo XX
Arquitectura/M&#xE9;xico y la arquitectura internacional
El pensamiento sobre la arquitectura moderna a trav&#xE9;s de revistas latinoamericanas, 1925-1945
De modernidades y regionalismos. El editor de Architectual Forum visita M&#xE9;xico
Imaginando ser modernos. El espacio culinario y sus objetos en la prensa de las d&#xE9;cadas 1960-1970, M&#xE9;rida
Homogeneidad y diferenciaci&#xF3;n en la arquitectura de inicios del siglo XX en ensenada, M&#xE9;xico. El sistema de ventas por catalogo y el estilo de vida
Taxco: un imaginario visual
Entre el imaginario y lo imaginado. P&#xE1;tzcuaro y el turismo a principios del siglo XX
Estaciones del imaginario: una visita a la arquitectura tradicional del turismo pueblerino
El hotel Caribe Hilton y la negociaci&#xF3;n (ambivalente) de imaginarios culturales en el contexto (colonial) de una isla-fuente
Entre el recuerdo y el olvido: la aventura de muralistas estadounidenses en la provincia mexicana
Pabellones mexicanos en el siglo XX. Un proceso ef&#xED;mero-permanente</subfield>
  </datafield>
  <datafield tag="519" ind1=" " ind2=" ">
    <subfield code="a">Material Complementario / </subfield>
    <subfield code="d">(20 004143)</subfield>
  </datafield>
  <datafield tag="650" ind1=" " ind2="0">
    <subfield code="a">ARQUITECTURA</subfield>
    <subfield code="x">HISTORIA</subfield>
    <subfield code="z">M&#xC9;XICO</subfield>
  </datafield>
  <datafield tag="650" ind1=" " ind2="0">
    <subfield code="a">ARQUITECTURA</subfield>
    <subfield code="x">HISTORIA</subfield>
    <subfield code="z">AM&#xC9;RICA LATINA</subfield>
  </datafield>
  <datafield tag="650" ind1=" " ind2="0">
    <subfield code="a">ARQUITECTURA TRADICIONAL</subfield>
    <subfield code="z">M&#xC9;XICO</subfield>
  </datafield>
  <datafield tag="700" ind1=" " ind2=" ">
    <subfield code="a">Ettinger, Catherine R.</subfield>
    <subfield code="e">coordinador</subfield>
  </datafield>
  <datafield tag="942" ind1=" " ind2=" ">
    <subfield code="2">lcc</subfield>
    <subfield code="c">LB</subfield>
  </datafield>
</record>
